| 000 | 00516nam a2200181Ia 4500 | ||
|---|---|---|---|
| 008 | 240925s9999 xx 000 0 und d | ||
| 020 | _a9789332550018 | ||
| 082 | _a005.43 TAN | ||
| 100 | _aTanenbaum, Andrew S. | ||
| 245 | 0 | _aModern Operating Systems | |
| 250 | _a3rd | ||
| 260 |
_aUttar Pradesh: _bPearson Education Inc _c,2015. |
||
| 300 |
_axxxii, 2750p. _bN.A _fPhotocopy |
||
| 500 | _aIncludes Index | ||
| 600 | _aComputer Science | ||
| 650 | _aComputer science, information & general works | ||
| 942 | _cBK | ||
| 999 |
_c13451 _d13451 |
||